TELINDS OPERATIVE GYNECOLOGY (Record no. 1200680)

MARC details
000 -LEADER
fixed length control field 00411nam a2200169Ia 4500
008 - FIXED-LENGTH DATA ELEMENTS--GENERAL INFORMATION
fixed length control field 240830s2007 xx 000 0 und d
041 ## - LANGUAGE CODE
Language code of text/sound track or separate title eng
082 ## - DEWEY DECIMAL CLASSIFICATION NUMBER
Classification number 611/HOF
100 ## - MAIN ENTRY--PERSONAL NAME
Personal name ROCK J.V/JONES H.W.
245 ## - TITLE STATEMENT
Title TELINDS OPERATIVE GYNECOLOGY
250 ## - EDITION STATEMENT
Edition statement 9 TH
260 ## - PUBLICATION, DISTRIBUTION, ETC.
Name of publisher, distributor, etc. LIPINCOTT
Date of publication, distribution, etc. 2007
300 ## - PHYSICAL DESCRIPTION
Extent 1670p
650 ## - SUBJECT ADDED ENTRY--TOPICAL TERM
Topical term or geographic name entry element PATHOLOGY
906 ## - LOCAL DATA ELEMENT F, LDF (RLIN)
a TELINDS OPERATIVE GYNECOLOGY.

No items available.